Текст томруулах:    
Study Guide (Бичлэгийн дугаар. 145952)
000 -УДИРДЛАГА
Удирдлага 00734nam a22002777a 4500
003 - ХЯНАЛТЫН ТОО ТОДОРХОЙЛОГЧ
Код MN-UlNUM
005 - БИЧИЛТ ХИЙСЭН ОГНОО
Тухайн бичилтийг бичсэн засварласан сүүлийн огноо 20251217103809.0
008 - ЕРӨНХИЙ МЭДЭЭЛЭЛ
Ерөнхий мэдээлэл 251217s2001 nyu 001 0 eng d
020 ## - ISBN
ISBN 0072415347
-- 0072415346
040 ## - БИЧЛЭГ ҮҮСГЭГЧ БАЙГУУЛЛАГА
Бичлэг үүсгэгч номын сангийн код МУИС-ийн номын сан
084 ## - ББК АНГИЛАЛ
Нэмэлт тусгалт Сургалтын гарын авлага
ББК ангилал 65.053
Зохиогчийн гурван тэмдэгт B 82
Мэдлэгийн ялгаа 65 - Эдийн засаг
100 ## - ЗОХИОГЧ
Зохиогчийн нэр Bowerman, Bruce L
245 ## - ҮНДСЭН ГАРЧИГ
Номын нэр Study Guide
Бага гарчгийн мэдээ For use with Business Statistics in Practice
250 ## - ДАХИН ХЭВЛЭЛТ
Дахин гаралтын дугаар 2nd edition
260 ## - ГАРАЛТЫН МЭДЭЭ
Хэвлэгдсэн газар New York
Хэвлэлийн газар McGraw-Hill
Хэвлэгдсэн он 2001
300 ## - МАТЕРИАЛЫН ТОДОРХОЙЛОЛТ
хуудасны тоо 268 p.
500 ## - Тайлбар
Дансны дугаар БС 4377
546 ## - ХЭЛНИЙ ТУХАЙ МЭДЭЭ
Хэл Англи хэл дээр,
653 ## - Түлхүүр үг
Түлхүүр үг statistics
653 ## - Түлхүүр үг
Түлхүүр үг operational research
700 ## - ХАМ ЗОХИОГЧИД
Ба бус O'Connell, Richard T
700 ## - ХАМ ЗОХИОГЧИД
Ба бус Bowerman, Bruce
700 ## - ХАМ ЗОХИОГЧИД
Ба бус O'Connell, Richard
942 ## - ЭЛЕМЕНТИЙН ТӨРӨЛ
Зүйлийн төрөл Ном